<?xml version="1.0" encoding="UTF-8"?>
<record
    xmlns:xsi="http://www.w3.org/2001/XMLSchema-instance"
    xsi:schemaLocation="http://www.loc.gov/MARC21/slim http://www.loc.gov/standards/marcxml/schema/MARC21slim.xsd"
    xmlns="http://www.loc.gov/MARC21/slim">

  <leader>00506nam a22001577a 4500</leader>
  <controlfield tag="008">230605b        |||||||| |||| 00| 0 eng d</controlfield>
  <datafield tag="040" ind1=" " ind2=" ">
    <subfield code="a">National Science Library</subfield>
    <subfield code="c">National Science Library</subfield>
  </datafield>
  <datafield tag="080" ind1=" " ind2=" ">
    <subfield code="a">R 016:071</subfield>
    <subfield code="b">M3</subfield>
  </datafield>
  <datafield tag="245" ind1=" " ind2=" ">
    <subfield code="a">Bibliography of bibliographies in S S D C</subfield>
    <subfield code="c">/ Indian Council of Social Science Research</subfield>
  </datafield>
  <datafield tag="260" ind1=" " ind2=" ">
    <subfield code="a">New Delhi: </subfield>
    <subfield code="b">Indian Council of Social Science Research, </subfield>
    <subfield code="c">1983</subfield>
  </datafield>
  <datafield tag="300" ind1=" " ind2=" ">
    <subfield code="a">176p.</subfield>
  </datafield>
  <datafield tag="500" ind1=" " ind2=" ">
    <subfield code="a">
</subfield>
  </datafield>
  <datafield tag="650" ind1=" " ind2=" ">
    <subfield code="a">Language</subfield>
  </datafield>
  <datafield tag="653" ind1=" " ind2=" ">
    <subfield code="a">Dictionaries</subfield>
  </datafield>
  <datafield tag="942" ind1=" " ind2=" ">
    <subfield code="2">udc</subfield>
    <subfield code="c">PR</subfield>
  </datafield>
  <datafield tag="999" ind1=" " ind2=" ">
    <subfield code="c">39047</subfield>
    <subfield code="d">39047</subfield>
  </datafield>
  <datafield tag="952" ind1=" " ind2=" ">
    <subfield code="0">0</subfield>
    <subfield code="1">0</subfield>
    <subfield code="2">udc</subfield>
    <subfield code="4">0</subfield>
    <subfield code="6">R_016071_M3</subfield>
    <subfield code="7">0</subfield>
    <subfield code="9">58724</subfield>
    <subfield code="a">NSL</subfield>
    <subfield code="b">NSL</subfield>
    <subfield code="c">GF/Rk-23/C-5/R-2</subfield>
    <subfield code="d">1984-01-24</subfield>
    <subfield code="l">0</subfield>
    <subfield code="o">R 016:071 M3</subfield>
    <subfield code="p">103731</subfield>
    <subfield code="r">2023-06-05 00:00:00</subfield>
    <subfield code="w">1984-01-24</subfield>
    <subfield code="y">PR</subfield>
  </datafield>
  <datafield tag="952" ind1=" " ind2=" ">
    <subfield code="0">0</subfield>
    <subfield code="1">0</subfield>
    <subfield code="2">udc</subfield>
    <subfield code="4">0</subfield>
    <subfield code="6">R_016071_M3</subfield>
    <subfield code="7">0</subfield>
    <subfield code="9">58725</subfield>
    <subfield code="a">NSL</subfield>
    <subfield code="b">NSL</subfield>
    <subfield code="c">GF/Rk-23/C-5/R-2</subfield>
    <subfield code="d">1984-01-24</subfield>
    <subfield code="l">0</subfield>
    <subfield code="o">R 016:071 M3</subfield>
    <subfield code="p">103732</subfield>
    <subfield code="r">2023-06-05 00:00:00</subfield>
    <subfield code="w">1984-01-24</subfield>
    <subfield code="y">PR</subfield>
  </datafield>
</record>
